banner-ar

الانطباعية / (Record no. 46424)

MARC details
000 -الفاتح
حقل البيانات ثابتة الطول 00627nam a2200217Ia 4500
008 - عناصر البيانات ثابتة الطول - معلومات عامة
حقل البيانات ثابتة الطول 140319s9999 xx 000 0 ara d
040 ## - مصدر الفهرسة
وكالة الفهرسة الأصلية GCL /
وكالة النسخ GCL
082 04 - رقم تصنيف ديوى العشرى
رقم التصنيف 759.05
رقم المادة ل ا
100 1# - المدخل الرئيسى - إسم شخصى
الإسم الشخصى فخرى خليل (مترجم)
245 10 - بيان العنوان
العنوان الانطباعية /
بيان المسئوليه,etc فخرى خليل (مترجم)
700 1# - المدخل الاضافى - اسم شخصى
الإسم الشخصى جبرا ابراهيم جبرا (مراجع)
700 1# - المدخل الاضافى - اسم شخصى
الإسم الشخصى ليمارى، جان
300 ## - الوصف المادى
التعداد 188
490 ## - بيان السلسلة
عنوان السلسلة 100 قصة
رقم المجلد/ التعيين التسلسلي 0
650 04 - المدخل الاضافى بالموضوع-مصطلح موضوعى
مصطلح موضوعي الفنون
650 04 - المدخل الاضافى بالموضوع-مصطلح موضوعى
مصطلح موضوعي الفنون التشكيلية
650 04 - المدخل الاضافى بالموضوع-مصطلح موضوعى
مصطلح موضوعي الفن الحديث
650 04 - المدخل الاضافى بالموضوع-مصطلح موضوعى
مصطلح موضوعي الانطباعية
942 ## - عناصر المدخل الإضافي( كوها)
مصدر التصنيف او مخطط الترفيف Dewey Decimal Classification
Koha [default] item type كتاب
Holdings
حالة التراجع حالة الفقد حالة تلف ليس للاعارة المكان المؤقت الموقع الحالى تاريخ الاكتساب اجمالي اﻻعارات رقم الطلب الباركود تاريخ اخر مشاهدة تاريخ تفعيل السعر نوع وعاء كوها
        مكتبة القاهرة الكبرى مكتبة القاهرة الكبرى 03/26/2014   759.05\ل ا 113029 03/26/2014 03/26/2014 كتاب

Powered By

EGPV